|
|
|
|
| LEADER |
00857nam a22002412a 4500 |
| 001 |
001888529 |
| 003 |
CZ BrMZK |
| 005 |
20240307094455.0 |
| 007 |
ta |
| 008 |
240307s1956 xo a er|||||||||||slo d |
| 040 |
|
|
|a ABA001
|b cze
|c ABA001
|d ABA001
|
| 080 |
|
|
|a 779:914.376 Slovenský raj
|2 undef
|
| 100 |
1 |
|
|a Jurisa, Eugen
|7 xx0121419
|4 aut
|
| 245 |
1 |
0 |
|a Slovenský raj /
|c E. Jurisa, Vladimír Šimíček ; Úvod. slovo a sprievod. texty nap. Jozef Šimko ; Obr. časť uprav. Eugen Lazišťan
|
| 250 |
|
|
|a 1. vyd.
|
| 260 |
|
|
|a Martin :
|b Osveta,
|c 1956
|f (Severoslovenské tlač.)
|
| 300 |
|
|
|a 11, [2] s. :
|b [160] obr. ;
|c 4°
|
| 500 |
|
|
|a 7.400 výtl.
|
| 700 |
1 |
|
|a Šimíček, Vladimír
|4 aut
|
| 910 |
|
|
|a BOA001
|b 4-0355.226
|
| 990 |
|
|
|a BK
|
| 991 |
|
|
|b 202403
|
| 996 |
7 |
|
|b 2618754651
|c 4-0355.226
|l MZK
|r Sklad / do 24 hodin
|n 0
|w 001956665
|u 000010
|a 1
|e BOA001
|j MZK50
|s A
|